<?xml version="1.0" encoding="UTF-8"?>
<record
    xmlns:xsi="http://www.w3.org/2001/XMLSchema-instance"
    xsi:schemaLocation="http://www.loc.gov/MARC21/slim http://www.loc.gov/standards/marcxml/schema/MARC21slim.xsd"
    xmlns="http://www.loc.gov/MARC21/slim">

  <leader>00794nam a2200193 a 4500</leader>
  <controlfield tag="008">190917e2001    sp  |||g |||| 001 0 spa d</controlfield>
  <datafield tag="020" ind1=" " ind2=" ">
    <subfield code="a">8408038273</subfield>
  </datafield>
  <datafield tag="041" ind1=" " ind2=" ">
    <subfield code="a">spa</subfield>
  </datafield>
  <datafield tag="092" ind1=" " ind2=" ">
    <subfield code="c">808</subfield>
    <subfield code="l">81</subfield>
    <subfield code="s">SWI</subfield>
  </datafield>
  <datafield tag="100" ind1="1" ind2=" ">
    <subfield code="a">Swift, Jonathan</subfield>
    <subfield code="9">4319</subfield>
  </datafield>
  <datafield tag="245" ind1=" " ind2="4">
    <subfield code="a">Los viajes de Gulliver /</subfield>
    <subfield code="c">Jonathan Swift</subfield>
  </datafield>
  <datafield tag="250" ind1=" " ind2=" ">
    <subfield code="a">1a ed.</subfield>
    <subfield code="b">Texto, introducci&#xF3;n y notas de Pedro Guardia Mass&#xF3;</subfield>
  </datafield>
  <datafield tag="260" ind1=" " ind2=" ">
    <subfield code="a">Barcelona:</subfield>
    <subfield code="b">Planeta;</subfield>
    <subfield code="c">2001.</subfield>
  </datafield>
  <datafield tag="300" ind1=" " ind2=" ">
    <subfield code="a">271 p.</subfield>
  </datafield>
  <datafield tag="500" ind1=" " ind2=" ">
    <subfield code="a">Swift, J. (2001). Los viajes de Gulliver. (1a ed.). Barcelona : Planeta.</subfield>
  </datafield>
  <datafield tag="505" ind1=" " ind2=" ">
    <subfield code="a">El autor nos relata su historia, la de su familia y su temprana inclinaci&#xF3;n a viajar. Naufraga y salva su vida a nado. Llega a la costa del pa&#xED;s de Lilliput sano y salvo. Es capturado y llevado al interior. </subfield>
  </datafield>
  <datafield tag="655" ind1=" " ind2=" ">
    <subfield code="a">Literatura</subfield>
    <subfield code="9">2917</subfield>
  </datafield>
  <datafield tag="942" ind1=" " ind2=" ">
    <subfield code="2">ddc</subfield>
    <subfield code="c">LIT</subfield>
  </datafield>
  <datafield tag="999" ind1=" " ind2=" ">
    <subfield code="c">3270</subfield>
    <subfield code="d">3270</subfield>
  </datafield>
  <datafield tag="952" ind1=" " ind2=" ">
    <subfield code="0">0</subfield>
    <subfield code="1">0</subfield>
    <subfield code="2">ddc</subfield>
    <subfield code="4">0</subfield>
    <subfield code="7">0</subfield>
    <subfield code="a">BFM</subfield>
    <subfield code="b">BFM</subfield>
    <subfield code="c">CR</subfield>
    <subfield code="d">2025-05-21</subfield>
    <subfield code="e">Donaci&#xF3;n Mayo 2025. Hern&#xE1;ndez, Lucas Joaqu&#xED;n.</subfield>
    <subfield code="l">0</subfield>
    <subfield code="o">808 81 SWI</subfield>
    <subfield code="p">5035</subfield>
    <subfield code="r">2025-05-22</subfield>
    <subfield code="t">Ej. 1</subfield>
    <subfield code="w">2025-05-22</subfield>
    <subfield code="y">LIT</subfield>
    <subfield code="z">Donaci&#xF3;n Mayo 2025. Hern&#xE1;ndez, Lucas Joaqu&#xED;n. Sede Tordos.</subfield>
    <subfield code="f"></subfield>
  </datafield>
</record>
